Owl House Characters by picture. - Statistics

General Stats
  • This quiz has been taken 501 times
  • The average score is 13 of 15
Answer Stats
Picture Answer % Correct
Luz
100%
Amity
98%
Edric
98%
King
98%
Eda
96%
Hooty
96%
Gus
95%
Willow
95%
Philip
92%
Raine
90%
Collector
89%
Boscha
80%
Mattholomule
74%
Skara
55%
Viney
54%
No matching quizzes found
Score Distribution
Percent of People with Each Score
Percentile by Number Answered
Your Score History
You have not taken this quiz